| 000 | 01081nam a22003497a 4500 | ||
|---|---|---|---|
| 003 | CHAP | ||
| 005 | 20220817043926.0 | ||
| 008 | 040216d2001 it b rn 00110 eng d | ||
| 010 | _a88051 | ||
| 011 | _a89023 | ||
| 020 | _a9251046700 | ||
| 035 | _a99572 | ||
| 040 | _cCHAP | ||
| 082 | 0 | 4 |
_a639.21822 _bF37 v.26 |
| 110 | 2 |
_aFAO. General Fisheries Council for the Mediterranean _939568 |
|
| 245 | 1 | 0 |
_aReport of the session (26o) _c/FAO. General Fisheries Council for the Mediterranean |
| 260 |
_aRome : _bFAO, _c2001. |
||
| 300 | _a27 p. | ||
| 410 | 2 | 1 | _aFAO |
| 490 | 0 |
_aGFCM report _v; 26 |
|
| 590 |
_aBATCH-UPD _b10 _c20130110 _lUCH01 _h1011 |
||
| 590 |
_aBATCH-UPD _b10 _c20130410 _lUCH01 _h0619 |
||
| 590 |
_aBATCH-UPD _b10 _c20130914 _lUCH01 _h1346 |
||
| 590 |
_aCONVERSION _b10 _c20130109 _lUCH01 _h1349 |
||
| 650 | 1 | 4 |
_aPesca _xRegión Mediterránea. _987410 |
| 810 | 0 | _aFAO | |
| 830 | 0 | 0 |
_aGFCM report _v; 26 _947819 |
| 901 | _aBK | ||
| 905 | _aAlejandra Carrasco M. | ||
| 942 | _cLIBRO | ||
| 949 |
_a639.21822 F37 v.26 _bBC _cFAO _d33724000914669 _eFAO1 _h104360 _i99572 _sb |
||
| 999 |
_c88051 _d88051 |
||